000 00677nam a2200193 a 4500
001 000031537
003 DO-SdBNP
005 20240305103442.0
008 110627s20uu dr ac 000 0 spa d
040 _aDO-SdBNP
_bspa
_cBNPHU
100 1 _aIncháustegui Cabral, Héctor,
_d1912-1979
_921024
245 1 0 _aNuestros monumentos /
_cArístides Incháustegui, Blanca Delgado Malagón ; coordinador Manuel Rueda; fotografías Pedro Guzmán.
260 _a[Santo Domingo] :
_bEditora Corripio.
300 _a78 p. :
_bil., retrs. ;
_c22 cm.
700 1 _aDelgado Malagón, Blanca
_922928
700 1 _aRueda, Manuel
_ecoord.
_919958
700 1 _aGuzmán
_957903
942 _2ddc
_cLBS1
999 _c31029
_d31029